| 000 | 00776nam a2200217 a 4500 | ||
|---|---|---|---|
| 008 | 170306s2012 ||||||||||||||||| || u | ||
| 020 | _a9781437720242 | ||
| 050 | _aRD 731 Mil | ||
| 100 | _aThompson, Stephen R | ||
| 245 | 1 | 0 |
_aReview of orthopaedics _cBy Mark D. Miller, Stephen R. Thompson [and] Jennifer A. Hart |
| 250 | _a6th ed. | ||
| 260 |
_aPhiladelphia: _bElsevier Saunders _c2012 |
||
| 300 | _axvi, 856p.: ill. | ||
| 350 | _a99.95 | ||
| 650 | _aBONE DISEASES | ||
| 650 | 0 | _aORTHOPEDICS | |
| 650 | _aJOINT DISEASES | ||
| 700 | _aMiller, Mark D | ||
| 700 | _aHart, Jennifer A | ||
| 995 |
_aMEDICAL LIBRARY OPEN ACCESS _e903683 _FCBU-SCHOOL OF MEDICINE LIBRARY (Ndola) _I99.95 _jRD 731 Mil _M1 _UAVAILABLE _WMar 7, 2017 _y903683 _ZMedical Library Open Access Collection |
||
| 999 |
_c32621 _d32621 |
||